| 000 | 01006nmm a2200301 a 4500 | ||
|---|---|---|---|
| 001 | ocm0001257178 | ||
| 003 | TR-IsHL | ||
| 005 | 20201028160848.0 | ||
| 008 | 160715s2014 tu tur | ||
| 007 | cr cn | ||
| 020 | _a9786055476465 | ||
| 035 |
_a1257178 _b(N$T) |
||
| 050 | 0 | 4 |
_aDR592.C47 _bH23 2014 |
| 090 | 0 | 4 |
_aDR592.C47 _bH23 2014 |
| 245 | 1 | 0 |
_aÇerkes Ethem: Hatıralarım _h[electronic resource] / _chazırlayan Nermin Taylan |
| 260 |
_aİstanbul : _bBizim Kitaplar, _c2014 |
||
| 300 | _a231 p. | ||
| 650 | 4 | _aTarih | |
| 650 | 4 | _aHistory | |
| 650 | 0 |
_aTürkiye _xTarih _xDevrim, 1918-1923 _xKişisel Anlatılar |
|
| 650 | 0 |
_aTurkey _xHistory _xRevolution, 1918-1923 _xPersonal narratives |
|
| 650 | 0 |
_aÇerkes Ethem _xAnı |
|
| 650 | 0 |
_aÇerkes Ethem _xMemory |
|
| 650 | 0 | _a | |
| 650 | 7 |
_aHISTORY / Middle East / Turkey & Ottoman Empire _2bisacsh |
|
| 700 | 1 | _aTaylan, Nermin | |
| 856 | 4 | 0 | _uhttp://search.ebscohost.com/login.aspx?direct=true&scope=site&db=e011xww&AN=1257178 |
| 999 |
_c13821 _d13821 |
||